=LDR 00000nam 2200000 4500 =001 INLIS000000000025768 =005 20130612124243 =008 ***********************************ind** =035 ##$$0010-061300000025768 =041 ##$$a ind =082 ##$$a 530.076 =090 ##$$a 530.076, SIN s =100 ##$$a Sinaga, Jakornat =245 ##$$a Soal dan penyelesaian EBTANAS SLTP IPA fisika-biologi, Jakornat Sinaga [at.al] =260 ##$$a 1996 $b Jakarta =300 ##$$a 271 hlm., ilus., 27 cm =650 ##$$a Pengetahuan Alam =650 ##$$a Studi Pengajaran =850 ##$$a NBPNMAT